Mathematics for Computer and Information Science 3: Probability and Stochastic Processes (Record no. 38015)

MARC details
000 -LEADER
fixed length control field 00400nam a22001577a 4500
082 ## - DEWEY DECIMAL CLASSIFICATION NUMBER
Classification number 510 ASO
100 ## - MAIN ENTRY--AUTHOR NAME
Personal name Asokan K
100 ## - MAIN ENTRY--AUTHOR NAME
Personal name Hema V
245 ## - TITLE STATEMENT
Title Mathematics for Computer and Information Science 3: Probability and Stochastic Processes
250 ## - EDITION STATEMENT
Edition statement 1
260 ## - PUBLICATION, DISTRIBUTION, ETC. (IMPRINT)
Name of publisher Owl Books
Place of publication Trivandrum
Year of publication 2025
546 ## - LANGUAGE NOTE
Language note English
650 ## - SUBJECT ADDED ENTRY--TOPICAL TERM
Topical Term APS
942 ## - ADDED ENTRY ELEMENTS (KOHA)
Koha item type Text Book
952 ## - LOCATION AND ITEM INFORMATION (KOHA)
Damaged status
Not for loan
952 ## - LOCATION AND ITEM INFORMATION (KOHA)
Damaged status
Not for loan
952 ## - LOCATION AND ITEM INFORMATION (KOHA)
Damaged status
Not for loan
952 ## - LOCATION AND ITEM INFORMATION (KOHA)
Damaged status
Not for loan
952 ## - LOCATION AND ITEM INFORMATION (KOHA)
Damaged status
Not for loan
952 ## - LOCATION AND ITEM INFORMATION (KOHA)
Damaged status
Not for loan
952 ## - LOCATION AND ITEM INFORMATION (KOHA)
Damaged status
Not for loan
952 ## - LOCATION AND ITEM INFORMATION (KOHA)
Damaged status
Not for loan
952 ## - LOCATION AND ITEM INFORMATION (KOHA)
Damaged status
Not for loan
952 ## - LOCATION AND ITEM INFORMATION (KOHA)
Damaged status
Not for loan
Holdings
Withdrawn status Collection code Permanent Location Current Location Shelving location Date acquired Source of acquisition Cost, normal purchase price Inventory number Full call number Accession Number Price effective from Koha item type
  MATHEMATICS VAST Central Library VAST Central Library S-138/AS 14/11/2025 Minerva Books 300.00 85 510 ASO 37883 19/11/2025 Text Book
  MATHEMATICS VAST Central Library VAST Central Library S-138/AS 14/11/2025 Minerva Books 300.00 85 510 ASO 37884 19/11/2025 Text Book
  MATHEMATICS VAST Central Library VAST Central Library S-138/AS 14/11/2025 Minerva Books 300.00 85 510 ASO 37885 19/11/2025 Text Book
  MATHEMATICS VAST Central Library VAST Central Library S-138/AS 14/11/2025 Minerva Books 300.00 85 510 ASO 37886 19/11/2025 Text Book
  MATHEMATICS VAST Central Library VAST Central Library S-138/AS 14/11/2025 Minerva Books 300.00 85 510 ASO 37887 19/11/2025 Text Book
  MATHEMATICS VAST Central Library VAST Central Library S-138/AS 14/11/2025 Minerva Books 300.00 85 510 ASO 37888 19/11/2025 Text Book
  MATHEMATICS VAST Central Library VAST Central Library S-138/AS 14/11/2025 Minerva Books 300.00 85 510 ASO 37889 19/11/2025 Text Book
  MATHEMATICS VAST Central Library VAST Central Library S-138/AS 14/11/2025 Minerva Books 300.00 85 510 ASO 37890 19/11/2025 Text Book
  MATHEMATICS VAST Central Library VAST Central Library S-138/AS 14/11/2025 Minerva Books 300.00 85 510 ASO 37891 19/11/2025 Text Book
  MATHEMATICS VAST Central Library VAST Central Library S-138/AS 14/11/2025 Minerva Books 300.00 85 510 ASO 37892 19/11/2025 Text Book